Internal combustion engine fundamentals (Record no. 67486)

000 -LEADER
fixed length control field 00697nam a22002057a 4500
003 - CONTROL NUMBER IDENTIFIER
control field NUST-PNEC
005 - DATE AND TIME OF LATEST TRANSACTION
control field 20170116181023.0
008 - FIXED-LENGTH DATA ELEMENTS--GENERAL INFORMATION
fixed length control field 140512b xxu||||| |||| 00| 0 eng d
020 ## - INTERNATIONAL STANDARD BOOK NUMBER
International Standard Book Number 1259002071
040 ## - CATALOGING SOURCE
Transcribing agency PNEC
082 ## - DEWEY DECIMAL CLASSIFICATION NUMBER
Classification number 621.43 HEY
100 ## - MAIN ENTRY--PERSONAL NAME
9 (RLIN) 41
Personal name Heywood, John B.
245 ## - TITLE STATEMENT
Title Internal combustion engine fundamentals
Statement of responsibility, etc. Heywood John B.
250 ## - EDITION STATEMENT
Edition statement 2011
260 ## - PUBLICATION, DISTRIBUTION, ETC.
Place of publication, distribution, etc. New Dehli
Name of publisher, distributor, etc. Tata Mcgraw Hill Education
Date of publication, distribution, etc. c.2011
300 ## - PHYSICAL DESCRIPTION
Extent 930 p. :
Other physical details ill. :
Dimensions 23 cm.
500 ## - GENERAL NOTE
General note Includes Index http://www.amazon.com/Internal-Combustion-Engine-Fundamentals-Heywood/dp/1259002071/ref=sr_1_1?s=books&ie=UTF8&qid=1399886171&sr=1-1&keywords=9781259002076
650 ## - SUBJECT ADDED ENTRY--TOPICAL TERM
General subdivision ME
942 ## - ADDED ENTRY ELEMENTS (KOHA)
Source of classification or shelving scheme
Koha item type Book
Holdings
Withdrawn status Lost status Source of classification or shelving scheme Damaged status Not for loan Permanent Location Current Location Shelving location Date acquired Total Checkouts Full call number Barcode Date last seen Price effective from Koha item type Date last checked out
          Pakistan Navy Engineering College (PNEC) Pakistan Navy Engineering College (PNEC)       621.43 HEY PNECLIB-031172 09/16/2015   Book  
          Pakistan Navy Engineering College (PNEC) Pakistan Navy Engineering College (PNEC)       621.43 HEY PNECLIB-031747 09/16/2015   Book  
          Pakistan Navy Engineering College (PNEC) Pakistan Navy Engineering College (PNEC)     1 621.43 HEY PNECLIB-031168 01/15/2016   Book 01/15/2016
          Pakistan Navy Engineering College (PNEC) Pakistan Navy Engineering College (PNEC)       621.43 HEY PNECLIB-031748 09/16/2015   Book  
          Pakistan Navy Engineering College (PNEC) Pakistan Navy Engineering College (PNEC)       621.43 HEY PNECLIB-031169 09/16/2015   Book  
          Pakistan Navy Engineering College (PNEC) Pakistan Navy Engineering College (PNEC)       621.43 HEY PNECLIB-031171 09/16/2015   Book  
          Pakistan Navy Engineering College (PNEC) Pakistan Navy Engineering College (PNEC)       621.43 HEY PNECLIB-031170 10/12/2015   Book  
© 2023 Central Library, National University of Sciences and Technology. All Rights Reserved.